000 00336 a2200157 4500
001 188624
020 _a0-19-424342-7
040 _cMagnum
100 _aHannam, Joyce
240 1 0 _aThe curse of the munny
_lING
245 1 0 _aThe curse of the munny
300 _a44
362 0 _a2004
697 _aLITERATURA INGLESA
942 _cBK
999 _c188624
_d188624